| 000 | 00000nam 2200000za 4500 |
| 001 | 9.819030 |
| 003 | CaOODSP |
| 005 | 20240624082252 |
| 007 | cr ||||||||||| |
| 008 | 160606s1996 onc |o f|0| 0 fre d |
| 020 | |z0-660-95236-X |
| 040 | |aCaOODSP|bfre |
| 043 | |an-cn--- |
| 086 | 1 |aZ1-1991/1-5F-PDF |
| 245 | 00|aRapport de la Commission royale sur les peuples autochtones |h[ressource électronique] : |bvolume 5 : vingt ans d'action soutenue pour le renouveau. |
| 246 | 10|aVingt ans d'action soutenue pour le renouveau |
| 260 | |aOttawa : |bGroupe Communication Canada — Edition, |c1996. |
| 300 | |aviii, 375 p. : |bphotos. |
| 500 | |aPublé aussi en anglais sous le titre: Report of the Royal Commission on Aboriginal Peoples : volume 5 : renewal : a twenty-year commitment. |
| 500 | |aLe n° de catalogue (Z1-1991/1-5F) et l’ISBN (0-660-95236-X) de l'édition imprimée ont été copiés dans l’édition électronique. |
| 500 | |aCo-présidents: René Dussault, Georges Erasmus. |
| 692 | 07|2gccst|aCommission d'enquête |
| 692 | 07|2gccst|aAutochtones |
| 700 | 1 |aDussault, René,|d1939- |
| 700 | 1 |aErasmus, Georges. |
| 710 | 1 |aCanada. |bBureau du Conseil privé. |
| 710 | 1 |aCanada. |bCommission royale sur les peuples autochtones. |
| 775 | 08|tReport of the Royal Commission on Aboriginal Peoples |w(CaOODSP)9.819031 |
| 776 | 0#|tRapport de la Commission royale sur les peuples autochtones.|w(CaOODSP)9.679938 |
| 856 | 40|qPDF|s160.11 Mo|uhttps://publications.gc.ca/collections/collection_2016/bcp-pco/Z1-1991-1-5-fra.pdf |